| 000 | 00456nam a2200181Ia 4500 | ||
|---|---|---|---|
| 001 | 21263 | ||
| 005 | 20260306172906.0 | ||
| 008 | 260306t2021||||xx |||||||||||||| ||spa|| | ||
| 041 | _aESP | ||
| 082 |
_a344.51 _bP42 T. 1 |
||
| 100 |
_aPeña Cabrera Freyre, Alonso _eAUT |
||
| 245 | 0 | _aDelitos contra la vida, el cuerpo y la salud | |
| 260 | _c2021 | ||
| 300 |
_a312 páginas : _c24 cm. |
||
| 650 | _aGEN | ||
| 654 | _aCDE | ||
| 942 |
_cLIB _dJUS _fJUS _2ddc _n |
||
| 999 |
_c21263 _d21263 |
||